000
00269nam a22001217a 4500
082
_a
291 MAS
100
_a
Mash Y
245
_a
A Comparative Study of Religions
260
_a
Delhi
_b
Motilal Banarsidas
300
_a
200
650
_a
Comparative Religion
942
_c
BK
999
_c
20170
_d
20170